Natural capitalism : (Record no. 17579)

000 -LEADER
fixed length control field 00664cam a2200229Ia 4500
020 ## - INTERNATIONAL STANDARD BOOK NUMBER
ISBN 0316353000
020 ## - INTERNATIONAL STANDARD BOOK NUMBER
ISBN 9780316353007
040 ## - CATALOGING SOURCE
Transcribing agency CUT
082 ## - DEWEY DECIMAL CLASSIFICATION NUMBER
Classification number 338 LIT 2000 A117 Or.
100 1# - MAIN ENTRY--AUTHOR NAME
Personal name Hawken, Paul.
245 10 - TITLE STATEMENT
Title Natural capitalism :
Remainder of title creating the next industrial revolution /
250 ## - EDITION STATEMENT
Edition statement 1st Back Bay pbk. ed.
260 ## - PUBLICATION, DISTRIBUTION, ETC. (IMPRINT)
Place of publication Boston :
Name of publisher Little, Brown and Co.,
Year of publication 2000.
300 ## - PHYSICAL DESCRIPTION
Number of Pages xix, 396 p. :
Other physical details ill. ;
Dimensions 24 cm.
500 ## - GENERAL NOTE
General note "A Back Bay book"--P. [4] of cover.
650 #0 - SUBJECT ADDED ENTRY--TOPICAL TERM
Topical Term Economic forecasting
650 #0 - SUBJECT ADDED ENTRY--TOPICAL TERM
Topical Term Capitalism
650 #0 - SUBJECT ADDED ENTRY--TOPICAL TERM
Topical Term Twenty-first century
700 1# - ADDED ENTRY--PERSONAL NAME
Personal name Lovins, Amory B.,
700 1# - ADDED ENTRY--PERSONAL NAME
Personal name Lovins, L. Hunter,
942 ## - ADDED ENTRY ELEMENTS (KOHA)
Koha item type ADB
952 ## - LOCATION AND ITEM INFORMATION (KOHA)
Withdrawn status [LOCAL, KOHA] 0
Holdings
Permanent Location Date acquired Koha item type Lost status Shelving location Barcode Current Location Full call number
Library Block A2018-12-18សៀវភៅភាសាអង់គ្លេស A117A41047Library Block A338 LIT 2000 A117 Or.
មជ្ឈមណ្ឌលឯការនៃសាកលវិទ្យាល័យភូមិន្ទកសិកម្មចំការដូង

Powered by Koha